000 00299nam a22001337a 4500
008 170622b xxu||||| |||| 00| 0 eng d
020 _a9780742557857
041 _aeng
080 _24 ED
_a32
100 _a21
101 _aSHP
245 _aAFTER PUTINS RUSISIA
_cWEGREN.S.K
942 _2udc
_cBK
999 _c18773
_d18773